| Поле | Инд. | ПП | Название | Значение |
|---|---|---|---|---|
| Тип записи | a | |||
| Библиографический уровень | m | |||
| 001 | Контрольный номер | RU/LIBMSTU/411556034 | ||
| 005 | Дата корректировки | 20200512121158.6 | ||
| 008 | Кодируемые данные | 130225|||||||||ru |||||||||||000|||rus|| | ||
| 020 | a | ISBN | 978-5-9916-2092-5 | |
| 040 | b | Код языка каталог. | rus | |
| 041 | 0_ | a | Код языка текста | rus |
| 084 | a | Индекс другой классификации/Индекс ББК | 67.401.0я7 | |
| 090 | a | Полочн. индекс | 67.401 | |
| x | Авторский знак | К 65 | ||
| 100 | 1_ | a | Автор | Копытов Ю. А. |
| 245 | 10 | a | Заглавие | Административное право |
| b | Продолж. заглавия | учеб. для бакалавров : [углубленный курс] | ||
| c | Ответственность | Европ.-Азиат. ин-т упр. и предпринимательства | ||
| 260 | a | Место издания | Москва | |
| b | Издательство | Юрайт | ||
| c | Дата издания | 2013 | ||
| 300 | a | Объем | 645 с. | |
| 440 | _0 | a | Серия | Бакалавр. Углубленный курс |
| 504 | a | Библиография | Библиогр.: с. 642-645 | |
| 650 | 04 | a | Основная рубрика | Административное право-Учебные издания для высших учебных заведений-Бакалавриат |
| 651 | _4 | a | Географическое наименование | Великобритания |
| 651 | _4 | a | Географическое наименование | Россия |
| 651 | _4 | a | Географическое наименование | США |
| 651 | _4 | a | Географическое наименование | Франция |
| 651 | _4 | a | Географическое наименование | Германия |
| 653 | 0_ | a | Ключевые слова | Административно-процессуальное право; Административное право; Зарубежные страны; Правонарушения административные; Социально-культурная сфера; Экономика |
| 901 | t | Тип документа | m | |
| 952 | b | Гриф литературы для ВШ | Допущено МОиН РФ | |
| c | Вид литературы | учебник |